| 000 | 00607nam a2200205 u 4500 | ||
|---|---|---|---|
| 001 | 000794438 | ||
| 003 | AM-YeHGA | ||
| 005 | 20250617144207.0 | ||
| 008 | 110310s1975 ||||||||||||||||||||rus|c | ||
| 040 | _aAM-YeHGA | ||
| 041 | 0 | _arus | |
| 100 | 1 | _aКолмаков, Павел Петрович | |
| 245 | 1 | 0 |
_aОвсюг / _cП.П. Колмаков. |
| 250 | _a2-е изд., перераб. и доп. | ||
| 260 |
_aМосква : _bКолос, _c1975. |
||
| 300 |
_a192 с. : _bтабл. ; _c20 см. |
||
| 504 | _aЛит.: с. 185-190 | ||
| 650 | 1 | 4 | _aСорные растения |
| 090 | _c291319 | ||
| 999 |
_c289645 _d289645 |
||